Termination of contract, corporate recovery and insolvency (Record no. 115944)

MARC details
000 -LEADER
fixed length control field 02096cad a22004095a 4500
001 - CONTROL NUMBER
control field L159484
005 - DATE AND TIME OF LATEST TRANSACTION
control field 20250929141729.0
008 - FIXED-LENGTH DATA ELEMENTS--GENERAL INFORMATION
fixed length control field 130206s2013 xxk f 000 0 eng d
020 ## - INTERNATIONAL STANDARD BOOK NUMBER
International Standard Book Number 9781783210053
035 ## - SYSTEM CONTROL NUMBER
System control number (Sirsi) u159484
041 0# - LANGUAGE CODE
Language code of text/sound track or separate title eng
050 04 - LIBRARY OF CONGRESS CALL NUMBER
Classification number 692.8 $2 18
110 2# - MAIN ENTRY--CORPORATE NAME
Corporate name or jurisdiction name as entry element Royal Institution of Chartered Surveyors
9 (RLIN) 4900
245 ## - TITLE STATEMENT
Title Termination of contract, corporate recovery and insolvency
Medium [electronic resource]
260 ## - PUBLICATION, DISTRIBUTION, ETC.
Place of publication, distribution, etc. London
Name of publisher, distributor, etc. RICS
Date of publication, distribution, etc. 2013
300 ## - PHYSICAL DESCRIPTION
Extent 28p.
490 #0 - SERIES STATEMENT
Series statement RICS Guidance Note
490 #0 - SERIES STATEMENT
Series statement RICS Practice Information
490 #0 - SERIES STATEMENT
Series statement RICS Black Book
520 ## - SUMMARY, ETC.
Summary, etc. Reviews termination of contract, corporate recovery and insolvency primarily from the perspective of a chartered surveyor with a commensurate level of specialism. It also deals with the main issues encountered in and associated with a construction project. It reviews the main type of insolvency and termination issues for generic contracts - the processes, the parties to them, their purpose and general terms.
520 ## - SUMMARY, ETC.
Summary, etc. This document was reissued in September 2025 as practice information. It had previously been published in June 2013 as a guidance note. The regulatory requirements remain the same and no material changes have been made to the document.
590 ## - LOCAL NOTE (RLIN)
Local note KA
650 24 - SUBJECT ADDED ENTRY--TOPICAL TERM
Topical term or geographic name entry element COMPANY VOLUNTARY ARRANGEMENTS
650 24 - SUBJECT ADDED ENTRY--TOPICAL TERM
Topical term or geographic name entry element LIQUIDATION
650 24 - SUBJECT ADDED ENTRY--TOPICAL TERM
Topical term or geographic name entry element ADMINISTRATIVE RECEIVERSHIP
650 24 - SUBJECT ADDED ENTRY--TOPICAL TERM
Topical term or geographic name entry element CONTRACTUAL OBLIGATIONS
650 24 - SUBJECT ADDED ENTRY--TOPICAL TERM
Topical term or geographic name entry element TERMINATION OF CONTRACT
650 24 - SUBJECT ADDED ENTRY--TOPICAL TERM
Topical term or geographic name entry element INSOLVENCY
9 (RLIN) 6247
650 24 - SUBJECT ADDED ENTRY--TOPICAL TERM
Topical term or geographic name entry element RICS BLACK BOOK
650 24 - SUBJECT ADDED ENTRY--TOPICAL TERM
Topical term or geographic name entry element RICS QS AND CONSTRUCTION STANDARDS
651 #4 - SUBJECT ADDED ENTRY--GEOGRAPHIC NAME
Geographic name United Kingdom
690 ## - LOCAL SUBJECT ADDED ENTRY--TOPICAL TERM (OCLC, RLIN)
Topical term or geographic name as entry element Contracts
9 (RLIN) 6232
700 1# - ADDED ENTRY--PERSONAL NAME
Personal name Willifer, Nigel
856 40 - ELECTRONIC LOCATION AND ACCESS
Uniform Resource Identifier <a href="https://www.rics.org/uk/upholding-professional-standards/sector-standards/construction/black-book/termination-of-contract-corporate-recovery-and-insolvency/">https://www.rics.org/uk/upholding-professional-standards/sector-standards/construction/black-book/termination-of-contract-corporate-recovery-and-insolvency/</a>
Public note Available free on RICS.org
856 40 - ELECTRONIC LOCATION AND ACCESS
Uniform Resource Identifier <a href="https://www.rics.org/content/dam/ricsglobal/documents/standards/Lenders-Independent-Monitoring-Surveyor_1st-edition.pdf">https://www.rics.org/content/dam/ricsglobal/documents/standards/Lenders-Independent-Monitoring-Surveyor_1st-edition.pdf</a>
Public note RICS Practice Information PDF
942 ## - ADDED ENTRY ELEMENTS (KOHA)
Suppress in OPAC 0
Source of classification or shelving scheme Dewey Decimal Classification
Holdings
Withdrawn status Lost status Source of classification or shelving scheme Damaged status Not for loan Home library Current library Shelving location Date acquired Total Checkouts Full call number Barcode Date last seen Copy number Price effective from Koha item type
    Dewey Decimal Classification     Archives Archives RICS Boxes 24/08/2017   RICS 2013/26 30078454 06/08/2019 1 06/08/2019 Archive
    Dewey Decimal Classification     London London RICS Boxes 01/08/2017   RICS 2013/26 30078455 06/08/2019 2 06/08/2019 Reference material
    Dewey Decimal Classification     London London RICS Boxes 01/08/2017   RICS 2013/26 30078456 06/08/2019 3 06/08/2019 Reference material
    Dewey Decimal Classification     Virtual Virtual Online 02/08/2017   ONLINE PUBLICATION 159484-3001 06/08/2019 1 06/08/2019 Book